NHL James Norris Memorial Trophy Runner-ups - Statistics

General Stats
  • This quiz has been taken 27 times
  • The average score is 21 of 38
Answer Stats
Year Player % Correct
2021 Cale Makar
100%
2022, 2024 Roman Josi
100%
2023 Adam Fox
95%
2015, 2018 Drew Doughty
95%
2016, 2017 Erik Karlsson
95%
1998, 1999, 2000 Nicklas Lidström
95%
2011, 2012 Shea Weber
95%
1990, 1991, 2003 Al MacInnis
90%
2019 Brent Burns
90%
2006, 2007 Scott Niedermayer
90%
2004, 2014 Zdeno Chára
90%
2020 John Carlson
85%
1984, 1989 Paul Coffey
85%
1975, 1981 Denis Potvin
80%
1982, 1985, 1992, 1993, 1996 Ray Bourque
80%
2013 Ryan Suter
75%
1988, 1994 Scott Stevens
75%
1995, 2002 Chris Chelios
70%
2009, 2010 Mike Green
70%
1954 Doug Harvey
60%
1979 Larry Robinson
55%
1977, 1980 Börje Salming
50%
2008 Dion Phaneuf
40%
1970, 1971, 1972, 1974, 1976, 1978 Brad Park
35%
1962, 1966, 1967 Pierre Pilote
35%
1997 Vladimir Konstantinov
30%
1973 Guy Lapointe
25%
1983, 1986, 1987 Mark Howe
25%
1955, 1957 Red Kelly
25%
1969 Tim Horton
25%
1964 Tim Horton
25%
1965 Jacques Laperrière
15%
1963 Carl Brewer
10%
1968 J.C. Tremblay
10%
1960 Allan Stanley
5%
1956, 1958, 1959 Bill Gadsby
5%
1961 Marcel Pronovost
5%
2001 Roman Čechmánek
5%
No matching quizzes found
Score Distribution
Percent of People with Each Score
Percentile by Number Answered
Your Score History
You have not taken this quiz